-
MUDAGAL, DR. MANJUNATHA P. AND SHARMA, DR. UDAY RAJA TEXT BOOK OF PHARMACOLOGY-II
Entry Personal Name
Number of records used in: 1
001 - CONTROL NUMBER
003 - CONTROL NUMBER IDENTIFIER
005 - DATE AND TIME OF LATEST TRANSACTION
- control field:
20230927151603.0
008 - FIXED-LENGTH DATA ELEMENTS
- fixed length control field:
230927|| aca||aabn | a|a d
040 ## - CATALOGING SOURCE
- Original cataloging agency:
JRU
- Transcribing agency:
JRU
100 ## - HEADING--PERSONAL NAME
- Personal name:
MUDAGAL, DR. MANJUNATHA P. AND SHARMA, DR. UDAY RAJA TEXT BOOK OF PHARMACOLOGY-II
670 ## - SOURCE DATA FOUND
- Source citation:
Work cat.: (JRU)8422: MUDAGAL, DR. MANJUNATHA P. AND SHARMA, DR. UDAY RAJA TEXT BOOK OF PHARMACOLOGY-II, A TEXTBOOK OF PHARMACOLOGY-II, 2019